000 00335nam a22001457a 4500
008 180903b xxu||||| |||| 00| 0 eng d f
020 _a9780781760034
041 _aeng
080 _a616.8
082 _a616.8 BEA
100 _a7
101 _aNEU
245 _aNeuroscience Exploring the Brain
_cBear.M.F
942 _2udc
_cBK
999 _c47438
_d47438